Vista normal Vista MARC

Entrada Personal Name

Número de registros utilizados en: 1

001 - CONTROL NUMBER

  • control field: 44520

003 - CONTROL NUMBER IDENTIFIER

  • control field: OSt

005 - DATE AND TIME OF LATEST TRANSACTION

  • control field: 20260130154616.0

008 - FIXED-LENGTH DATA ELEMENTS

  • fixed length control field: 260130|| aca||aabn | a|a d

040 ## - CATALOGING SOURCE

  • Original cataloging agency: OSt
  • Transcribing agency: OSt

100 ## - HEADING--PERSONAL NAME

  • Personal name: Fainboim Yaker, Israel

670 ## - SOURCE DATA FOUND

  • Source citation: Work cat.: (OSt)31143: Bogotá (Colombia). Alcaldía Mayor. Secretaría de Hacienda. 44515, Adopción de herramientas para la gestión fiscal, la transparencia y la sostenibilidad de las finanzas en Bogota / , 2003.